Quizzes
Events
Quiz Creation
Community
Videos
Private Events
Remove Ads
Sign In
Join for FREE
Feedback
Dark Mode
Quiz Categories
Sports
Geography
Music
Movies
Television
Just For Fun
Miscellaneous
History
Literature
Language
Science
Gaming
Entertainment
Religion
Holiday
For Kids
Quiz Lab
Recent
Popular Today
Quiz Kudos Today
Editor Picks
Curator Picks
Quizzes by...
Day
Popularity
Type
Ratings
Length
Year
Community
Subscriptions
Recent Discussions
Orange Saloon
Badges
Playlists
Quests
Create
Leaderboards
Showdown
Live 5
Trivia Bingo
Activity
Puzzle Library
Sporcle Events
Private Events
Virtual Trivia
Globe League
Become a Host
Pub Owners
SporcleCon
Opinionation
Our Games
Videos
Blog
Mobile Apps
Partnerships
Remove Ads and Go Orange
Feedback
Geography
Country
Landmarks
City
State
Population
World
Capital
Continent
Flags
Europe
Africa
Asia
South America
North America
Oceania
Border
Canada
United Kingdom
Topography
United States
Geography
Country
Landmarks
City
State
Population
World
Capital
Continent
Flags
Europe
Africa
Asia
South America
North America
Oceania
Border
Canada
United Kingdom
Topography
United States
Random Quiz
Search Sporcle
×
Quiz Lab
Quiz Lab
Geography
City
Type answers that appear on an image
Type answers that appear on an image
Map
Best Score? Go Orange.
Largest US Cities Near Mexico Stats
Can you name the 50 Largest US Cities in states adjacent to Mexico?
By
darrellthebean
10m
50 Questions
180 Plays
180 Plays
180 Plays
Comments
Comments
Give Quiz Kudos
Give Quiz Kudos
-
- Ratings
hide this ad
Replay
Link that replays current quiz
Next Quiz
Link to next quiz in quiz playlist
You Got
0%
They Got
Avg Score
77%
Avg Friend Score
Upgrade to see
Score Distribution
Jump to the score distribution portion of the page
Score
0/50
Timer
10:00
0
Plays Today
% Correct
Houston
98.9%
Los Angeles
98.3%
Dallas
97.2%
Phoenix
96.7%
El Paso
96.7%
Albuquerque
96.7%
San Diego
95.6%
Fort Worth
95%
San Francisco
93.9%
San Antonio
93.3%
Austin
93.3%
Tucson
93.3%
San Jose
91.1%
Sacramento
88.3%
Mesa
88.3%
Oakland
88.3%
Fresno
87.8%
Corpus Christi
87.8%
Anaheim
85.6%
Arlington
82.8%
Riverside
82.8%
Long Beach
81.7%
Bakersfield
81.7%
Glendale
80.6%
Glendale
80.6%
% Correct
Laredo
80%
Scottsdale
78.9%
Amarillo
78.9%
Plano
77.2%
Santa Ana
76.7%
Lubbock
76.7%
Irvine
76.1%
Brownsville
76.1%
San Bernardino
74.4%
Stockton
73.9%
Chandler
71.1%
Chula Vista
70%
Irving
67.8%
Fremont
67.8%
Gilbert
64.4%
Modesto
64.4%
Tempe
62.8%
Garland
61.1%
Oxnard
58.3%
Santa Clarita
54.4%
Huntington Beach
52.8%
Moreno Valley
45%
Fontana
42.2%
Rancho Cucamonga
41.1%
Grand Prairie
28.3%
Quiz Playlist
Details
Report
Send in Message
Add To Playlist
Map:
Type answers that appear on an image
Quiz Source
Last Updated: Oct 8, 2017
Quiz Scoreboard
CHALLENGE
Sign Up to Join the Scoreboard
Show All
Scores
Hide
Comments
May contain spoilers
Recently Published
Movies - When Are They Set?
by FPL_Elf
Movies
5m
Popular People in 1961
by mucciniale
History
6m
1-10 Letter E Words III
by El_Dandy
Language
2m
More to Explore
Quiz From the Vault
Featured Blog Post
Where Did the Easter Bunny Come From?
hide this ad
You Might Also Like...
Tags
City Quiz
State Quiz
50 Largest
Adjacent
largest
Mexico
near
US Cities
Today's Top Quizzes in Geography
Browse Geography
hide this ad
Today's Top Quizzes in City
Browse City
Top Contributed Quizzes in Geography
1
Countries of the World - No Outlines Minefield
2
Top 25 Cities of France on a map
3
Closest Countries to UK A-Z
4
African Flag Reveal XLV
5
Blind Ultimate Minefield: USA
6
One Thing in Common: United Kingdom
7
Blind Secret Country CLXXXVIII
8
One Thing in Common: Asia
9
Find the US States - No Outlines
10
One Thing in Common: Geography
Explore More
Trending Topics
Anime
Crossword
Marvel
Disney
Kpop
NBA
Harry Potter
WWE
Puzzle
Pokémon
Song
The Office
Country
Soccer
NFL
hide this ad
More By:
darrellthebean
Quiz
Plays
Rating
Category
Featured
Created
Classroom of the Elite Characters by Picture
461
Entertainment
Oct 3, 2022
Countries Mentioned in the Bible
406
4.33
Religion
Jul 27, 2023
Classroom of the Elite Characters by Description
378
Entertainment
Sep 30, 2022
Mushoku Tensei Grab Bag
325
5.00
Entertainment
Jan 4, 2022
Popular Anime by Abbreviation
288
3.00
Entertainment
Dec 27, 2022
Go to Creator's Profile
Score Distribution
Quiz Creator Spotlight
darrellthebean
Follow
Send a Message
Quizzes Created
-
Created Quiz Play Count
-
More By This Creator
Popular Quizzes Today
1
Find the US States - No Outlines Minefield
2
Find the Countries of Europe - No Outlines Minefield
3
The Countries of the World
4
Popular People in 1961
5
1-10 Letter E Words III
6
US States
7
Find the US States
8
One Thing in Common: World Cities II
More Geography Quizzes
Africa by Five Letters
Published
Trending Quizzes
Risky Map Clicking: Least Populous States A-Z
1-10 Letter F Words
1-10 Letter G Words
One Thing in Common: United Kingdom
Risky Map Clicking: Next State Alphabetically
Recently Updated
Leaping Animals
pecheneg
Reality TV Shows (A-Z)
bhenderson79
Rickey Henderson's Hall of Fame Teammates
pecheneg
Champions League XIs: Arsenal
pecheneg
Quick Pick: Celebrities in WWE's Hall of Fame
aduchscher
A-Z Keypad Blitz II
pecheneg
Multiple Oscar Actors
pecheneg
Mystery Phrase Blitz: Oscar 'Best Actors'
pecheneg
F. Scott Fitzgerald Novels
LTH
Pick 3 Villains
ddd62291
Trending Topics
Disney
Crossword
Anime
Kpop
Harry Potter
Marvel
NBA
WWE
The Office
Pokémon
Song
NFL
Soccer
Country
Puzzle
Your Account Isn't Verified!
In order to create a playlist on Sporcle, you need to verify the email address you used during registration. Go to your
Sporcle Settings
to finish the process.
Report this User
Report this user for behavior that violates our
Community Guidelines
.
Details:
Send Report
Go to the Sporcle.com Mobile Site →
Comments